000 00558nam a2200181Ia 4500
003 IN-BaIIA
008 211028s9999 xx 000 0 eng d
020 _a08311-1044-9
040 _cIIA Library
080 _a621-34
_bBUC
100 _aBuckingham, E
_99385
245 0 _aManual of gear design
_bsection three
_cE. Buckingham
260 _aNew York
_bThe Industrial Press
_c1964
300 _a172p.
650 _aAstronomy and astrophysics thesaurus
650 _aManual gear design manual
_99386
942 _cBK
999 _c5394
_d5394